000 00236nam a2200097Ia 4500
001 1207158
005 20250827022819.0
008 250824s9999 xx 000 0 und d
245 0 _aÇERİ-1
_cGÖKHAN ÇAYIRLI
260 _bLOPUS YAYINLARI
999 _c1207158
_d1207158